La forma del derecho /

Guardado en:
Autor Principal: Atria, Fernando.
Formato: Libro
Idioma:Undetermined
Publicado: Madrid : Marcial Pons, 2016.
Edición:1a. ed.
Series:Filosofía y Derecho
Materias:
Etiquetas: Agregar Etiqueta
Sin Etiquetas, Sea el primero en etiquetar este registro!
LEADER 00699nam a22002415a 4500
001 DER.der014837
008 230919s2016####sp############000#0#und#d
005 20230919171058.0
245 1 0 |a La forma del derecho /  |c Fernando Atria. 
250 |a 1a. ed. 
260 |a Madrid :  |b Marcial Pons,  |c 2016. 
300 |a 500 p. 
490 1 |a Filosofía y Derecho 
020 |a 9788491230403 
100 1 |a Atria, Fernando. 
650 7 |a POSITIVISMO JURIDICO 
650 7 |a NEOCONSTITUCIONALISMO 
650 7 |a POTESTADES JURIDICAS 
650 7 |a LEGITIMACION MATERIAL 
650 7 |a RAZONAMIENTO FORMAL 
650 7 |a POSITIVISMO ETICO 
650 7 |a VALIDEZ PRIMA FACIE 
859 |a DERECHO  |b BIB. DERECHO  |h 340.1  |i ATR  |p 0010225